| 000 | 00754nam a22002057a 4500 | ||
|---|---|---|---|
| 008 | 160810b xxu||||| |||| 00| 0 eng d | ||
| 020 | _a9780071270359 | ||
| 082 |
_22009 _aDC 658.4 _bSt3b |
||
| 100 |
_912601 _aSteiner, John F. |
||
| 245 |
_aBusiness, government, and society: _ba managerial perspective, text and cases/ _cGeorge A. Steiner and John F. Steiner. |
||
| 250 | _a12th edition | ||
| 260 |
_aBoston: _bMcGraw-Hill/Irwin, _cc2009. |
||
| 300 |
_axiv, 642 pages: _billustrations; _c23 cm. |
||
| 500 | _aIncludes index. | ||
| 650 | 0 |
_912602 _aIndustries _xSocial aspects _zUnited States |
|
| 650 | 0 |
_912603 _aIndustrial policy _zUnited States |
|
| 700 |
_912604 _aSteiner, George Albert _eAuthor |
||
| 365 |
_aPhp _b2785.50 |
||
| 942 |
_2ddc _cDC |
||
| 999 |
_c3785 _d3785 |
||